00926nam a2200193 i 4500001000700000003000900007005001700016008004100033100002500074245021400099260006500313300002200378490002600400651004900426830003400475852007700509999001900586952012700605170190ES-MaACL20230906214320.0090210s1893 fr |||| | fre d0 aCottin, Paul.94120212aL'Angleterre devant ses alliés, 1793-1814 b: Toulon (1793), Anvers et Nimègue (1794), Quiberon (1795), Guadeloupe (1795), Égypte (1798-1800), Naples (1799), Cadix et Cabrera (1808-1814) / cPaul Cottin. aParis : baux bureaux de la "Revue rétrospective", c1893. a100 p. ; c23 cm.1 aRevue rétrospective 4aGran Bretaña-xHistoria-yS.XVIII.91394080 aRevue rétrospective92229874 aES-MaACLjE-12438 9R.140624 z. - Biblioteca Jacinto Martínez Lacalle c170190d170190 001040708LIBXIXaATENEOMbATENEOMcDEPO2d2009-02-10eDONl0oE-12438p1178675r2023-02-23 00:00:00w2023-02-23yMONANT